[Event "Niederbayernliga 1112"]
[Site "Bayern"]
[Date "2011.??.??"]
[Round "3"]
[White "Kaisin, Viktor"]
[Black "Sadlo, Philipp"]
[Result "0-1"]
[WhiteElo "1598"]
[BlackElo "1468"]
[PlyCount "70"]
[EventDate "2011.10.??"]
[EventType "team-tourn"]
[EventRounds "9"]
[EventCountry "GER"]
[SourceTitle "EXT 2023"]
[Source "ChessBase"]
[SourceDate "2022.10.05"]
[SourceVersion "1"]
[SourceVersionDate "2022.10.05"]
[SourceQuality "1"]
[WhiteTeam "Passau II"]
[BlackTeam "Landshut II"]
[WhiteTeamCountry "GER"]
[BlackTeamCountry "GER"]

1. e4 e5 2. Nf3 Nf6 3. Nc3 Nc6 4. Bc4 Be7 5. 0-0 0-0 6. d4 exd4 7. Nxd4 d6 8. Be3 Bd7 9. Qd2 Nxd4 10. Bxd4 Bc6 11. Rae1 Re8 12. Bd3 h6 13. f4 Kf8 14. h3 Rc8 15. Be3 d5 16. exd5 Nxd5 17. Nxd5 Qxd5 18. c4 Qd6 19. Qc2 Rcd8 20. Rd1 Bf6 21. Bc1 Bd4+ 22. Kh1 Qe6 23. f5 Qd7 24. Be2 g6 25. Bxh6+ Kg8 26. Bg4 gxf5 27. Rxf5 Qd6 28. Rg5+ Kh8 29. Bg7+ Bxg7 30. Rxd6 Rxd6 31. Rh5+ Kg8 32. Qh7+ Kf8 33. Qc2 Re1+ 34. Kh2 Be5+ 35. g3 Rh1# 0-1

[Event "Niederbayernliga 0708"]
[Site "Germany"]
[Date "2007.11.04"]
[Round "2.8"]
[White "Schirra, Paul"]
[Black "Sadlo, Philipp"]
[Result "0-1"]
[WhiteElo "1626"]
[BlackElo "1275"]
[PlyCount "108"]
[EventDate "2007.10.21"]
[EventType "team"]
[EventRounds "9"]
[EventCountry "GER"]
[SourceTitle "EXT 2009"]
[Source "ChessBase"]
[SourceDate "2008.11.26"]
[SourceVersion "1"]
[SourceVersionDate "2008.11.26"]
[SourceQuality "1"]
[WhiteTeam "Rottal II"]
[BlackTeam "Landshut"]
[WhiteTeamCountry "GER"]
[BlackTeamCountry "GER"]

1. e4 e5 2. Nc3 Nf6 3. f4 d6 4. Nf3 Nc6 5. Bc4 Bg4 6. 0-0 Be7 7. d3 0-0 8. Ne2 h6 9. f5 d5 10. exd5 Nxd5 11. c3 Re8 12. Ng3 Nb6 13. Qb3 Nxc4 14. Qxc4 Bxf3 15. Rxf3 e4 16. Nxe4 Ne5 17. Qd4 Nxf3+ 18. gxf3 Qxd4+ 19. cxd4 Rad8 20. Be3 Bf6 21. Nxf6+ gxf6 22. Kf2 Kh7 23. Rc1 Re7 24. Rc2 Rd5 25. Rc5 Rxc5 26. dxc5 c6 27. d4 Re8 28. a4 h5 29. b4 h4 30. Bf4 Rd8 31. Bd6 Kh6 32. Bf4+ Kh5 33. Ke3 Rg8 34. Ke4 Rg1 35. b5 Ra1 36. bxc6 bxc6 37. Bd6 Rxa4 38. Be7 Ra2 39. Bxf6 Rxh2 40. Ke5 h3 41. Kd6 Ra2 42. Be5 Rd2 43. Kxc6 Rxd4 44. Kb5 Rd5 45. Bd6 Rxf5 46. Kc6 a5 47. Kb5 a4 48. Kb4 a3 49. c6 Ra5 50. c7 Ra8 51. Kb3 a2 52. c8Q a1N+ 53. Kb2 Rxc8 54. Kxa1 Rc2 0-1

[Event "Regionalliga SO 0607"]
[Site "Bayern"]
[Date "2006.10.15"]
[Round "1.8"]
[White "Heigermoser, Robert"]
[Black "Sadlo, Philipp"]
[Result "1-0"]
[WhiteElo "2031"]
[BlackElo "1226"]
[PlyCount "89"]
[EventDate "2006.10.15"]
[EventType "team-tourn"]
[EventRounds "9"]
[EventCountry "GER"]
[SourceTitle "EXT 2008"]
[Source "ChessBase"]
[SourceDate "2007.11.25"]
[SourceVersion "1"]
[SourceVersionDate "2007.11.25"]
[SourceQuality "1"]
[WhiteTeam "Pang/Rosenheim II"]
[BlackTeam "Landshut"]
[WhiteTeamCountry "GER"]
[BlackTeamCountry "GER"]

1. e4 e5 2. Nf3 Nf6 3. Nxe5 d6 4. Nf3 Nxe4 5. Nc3 Nf6 6. d4 Be7 7. h3 0-0 8. Bd3 Nc6 9. a3 d5 10. 0-0 a6 11. Re1 Re8 12. Bg5 Be6 13. Ne2 Nd7 14. Bf4 Bf6 15. c3 Ne7 16. Ng3 Ng6 17. Be3 c6 18. Nh5 Be7 19. Nf4 Nxf4 20. Bxf4 Nf6 21. Ne5 h6 22. Ng6 Bd6 23. Ne5 Be7 24. Bc2 Rc8 25. b4 Ra8 26. Qd3 Bf8 27. g4 g5 28. Bd2 Bg7 29. f3 Rc8 30. Kg2 Kf8 31. h4 gxh4 32. Bf4 h5 33. g5 Ng8 34. Qh7 h3+ 35. Kf2 Bxe5 36. Rxe5 Qd7 37. Rae1 f5 38. Qxh5 Bf7 39. Qxh3 Rxe5 40. Rxe5 Re8 41. Bxf5 Qd8 42. g6 Rxe5 43. Bxe5 Be8 44. g7+ Ke7 45. Qh4+ 1-0